000 00947nam a2200253 a 4500
001 000009295
003 DO-SdBNP
005 20240412074210.0
007 ta
008 090929s1987 pr 000 0 spa d
040 _aDO-SdBNP
_bspa
_cBNPHU
082 4 _aPR861.42
_bR484M
_222
100 1 _aMarxuach, Carmen Irene
_917819
245 1 0 _aEvaristo Ribera Chevremont :
_bvoz de vanguardia /
_cCarmen Irene Marxuach.
260 _a[San Juan], Puerto Rico :
_bUniversidad de Puerto Rico. Centro de Estudios Avanzados de Puerto Rico y El Caribe.
_c1987.
300 _a323 p. ;
_c24 cm.
500 _aIncluye referencias bibliográficas y notas al pie de las páginas
590 _aInventariado, 2022/MFF
600 1 4 _aRibera Chevremont, Evaristo,
_d 1896-1976
_xCritica e interpretación
_982807
650 4 _aPoesía puertorriqueña
_966
650 0 _aLiteratura dominicana.
_967
910 _aValidado. Control de calidad MFF
942 _2ddc
_cLBS1
999 _c9056
_d9056